000 00440nam a2200121 4500
999 _c13338
_d13338
008 190301b ||||| |||| 00| 0 eng d
082 _aDPer 959.9048 P53p May 2013- April 2014 v. 22-23
245 _aPresidential issuances.
260 _aSan Miguel, Manila :
_bOP-Bureau of Communications Services,
_ccMay 2013-cApr 2014.
300 _av22 n3, pages 46-52:
_c23.cm.
650 _aPresidents
_zPhilippines
_xIssuances.
_937271
942 _2ddc
_cPER